Alan Greenspan
Pohľad na životopis a oblasti ekonomického pôsobenia Alana Greenspana. Intelektuálny odkaz Alana Greenspana.
Gespeichert in:
| 1. Verfasser: | |
|---|---|
| Weitere Verfasser: | |
| Format: | Buchkapitel |
| Sprache: | Slowakisch |
| Schlagworte: | |
| Tags: |
Keine Tags, Fügen Sie das erste Tag hinzu!
|
MARC
| LEADER | 00000naa$a2200000$$$4500 | ||
|---|---|---|---|
| 001 | 0055463 | ||
| 005 | 20240502071632.0 | ||
| 041 | 0 | |a slo | |
| 044 | |a SK | ||
| 245 | 1 | 0 | |a Alan Greenspan |c Judita Táncošová, Eva Muchová |
| 520 | |a Pohľad na životopis a oblasti ekonomického pôsobenia Alana Greenspana. Intelektuálny odkaz Alana Greenspana. | ||
| 610 | 2 | 0 | |a osobnosť |
| 610 | 2 | 0 | |a Greenspan, A. |
| 610 | 2 | 0 | |a životopisy |
| 610 | 2 | 0 | |a veda ekonomická |
| 610 | 2 | 0 | |a USA |
| 610 | 2 | 0 | |a politika menová |
| 100 | 1 | |a Táncošová, Judita | |
| 700 | 1 | |a Muchová, Eva, 1961- | |